Statistics for Big Lebowski Trivia

Click here to take the quiz!

General Stats

  • This quiz has been taken 11,346 times
    (5,184 since last reset)
  • The average score is 13 of 26

Answer Stats

QuestionAnswer% Correct
What is The Dude's favorite drink?White Russian
88%
What does a nihilist believe in?Nothing
80%
Actor, The DudeJeff Bridges
79%
What body part can Walter get you?Toe
70%
Actor, WalterJohn Goodman
66%
Actor, DonnySteve Buscemi
64%
What is the Dude's real first name?Jeffrey
59%
What kind of animal is tossed into
The Dude's bathtub?
Marmot
59%
When doesn't Walter roll?Shabbos
58%
What other names can you call The Dude?El Duderino
56%
What band does The Dude hate?The Eagles
55%
What's inside the briefcase
that Walter throws to the nihilists?
Underwear
54%
What did the Dude's
rug do?
Tie the Room
Together
52%
What does bowling have that 'Nam does not?Rules
50%
What other names can you call The Dude?Duder
46%
What other names can you call The Dude?His Dudeness
40%
Actor, Maude LebowskiJulianne Moore
39%
At the end of the movie, what drink does
the mysterious stranger order?
Sarsaparilla
39%
When Jesus is introduced,
what song plays in the background?
Hotel California
38%
Actor, BrandtPhilip Seymour
Hoffman
38%
Actor, JesusJohn Turturro
37%
Actor, The StrangerSam Elliot
35%
Actor, Bunny LebowskiTara Reid
34%
What charity group does the
Big Lebowski sponsor?
Little Lebowski
{Urban} {Achievers}
33%
Whose toe was over
the line?
Smokey's
28%
Who draws a lot of
water in Malibu?
Jackie Treehorn
27%

Score Distribution

Percentile by Number Answered

Percent of People with Each Score

Your Score History

You have not taken this quiz since the last reset